|
|
|
|
| LEADER |
01245naa a2200217 i 4500 |
| 001 |
acta73495 |
| 005 |
20211102123229.0 |
| 008 |
211102s2020 hu o 0|| hun d |
| 020 |
|
|
|a 978-615-6060-30-3
|
| 040 |
|
|
|a SZTE Egyetemi Kiadványok Repozitórium
|b hun
|
| 041 |
|
|
|a hun
|
| 245 |
0 |
0 |
|a További ajánlott irodalom
|h [elektronikus dokumentum]
|
| 260 |
|
|
|c 2020
|
| 300 |
|
|
|a 342-344
|
| 490 |
0 |
|
|a Fejezetek a magyarországi társadalom- és szociálpolitika történetéből II. : szövegek a kiegyezéstől a rendszerváltásig (1867–1989)
|v 2
|
| 650 |
|
4 |
|a Társadalomtudományok
|
| 650 |
|
4 |
|a Szociológia
|
| 650 |
|
4 |
|a Bölcsészettudományok
|
| 650 |
|
4 |
|a Történettudomány és régészet
|
| 695 |
|
|
|a Békeszerződés - trianoni - bibliográfia, Társadalomtörténet - Magyarország - bibliográfia, Zsidók története - Magyarország - bibliográfia, Zsidókérdés - bibliográfia, Agrárpolitika - Magyarország - bibliográfia, Családvédelem - Magyarország - bibliográfia, Közegészségügy - Magyarország - bibliográfia, Oktatásügy - Magyarország - bibliográfia
|
| 856 |
4 |
0 |
|u http://acta.bibl.u-szeged.hu/73495/1/2020_fejezetek_a_magyarorszagi_tarsadalom_es_szocialpolitika_tortenetebol_002_342-344.pdf
|z Dokumentum-elérés
|